Les levures / (Record no. 76890)

MARC details
000 -LEADER
campo de control de longitud fija 00543nam a2200169 i 4500
001 - NÚMERO DE CONTROL
campo de control 76890
003 - IDENTIFICADOR DE NÚMERO DE CONTROL
campo de control ES-MaACL
005 - FECHA Y HORA DE LA ÚLTIMA TRANSACCIÓN
campo de control 20230906173016.0
007 - CAMPO FIJO DE DESCRIPCIÓN FÍSICA--INFORMACIÓN GENERAL
campo de control de longitud fija t|
008 - DATOS DE LONGITUD FIJA--INFORMACIÓN GENERAL
campo de control de longitud fija 041005s1912 fr ||||1| fre d
100 1# - ENTRADA PRINCIPAL--NOMBRE DE PERSONA
Nombre de persona Guilliermond, Alexandre.
9 (RLIN) 60813
245 14 - MENCIÓN DEL TÍTULO
Título Les levures /
Mención de responsabilidad, etc. par Alexandre Guilliermond ; préface du E. Roux.
260 ## - PUBLICACIÓN, DISTRIBUCIÓN, ETC.
Lugar de publicación, distribución, etc. Paris :
Nombre del editor, distribuidor, etc. Octave Dion et Fils,
Fecha de publicación, distribución, etc. 1912 (
Lugar de fabricación/manufactura Poitiers :
Fabricante Société Francaise d'Imprimerie)
300 ## - DESCRIPCIÓN FÍSICA
Extensión XII, 566, XII p. :
Otras características físicas il. ;
Dimensiones 19 cm.
700 1# - ENTRADA AGREGADA--NOMBRE PERSONAL
Nombre de persona Roux, E.
9 (RLIN) 100104
852 ## - LOCALIZACIÓN
Ubicación ES-MaACL
Número de control de estantería D-4429
Holdings
Estatus retirado Estado de pérdida Estado de daño No para préstamo Biblioteca de origen Biblioteca actual Ubicación en estantería Fecha de adquisición Fuente de adquisición Total de préstamos Signatura topográfica completa Código de barras Visto por última vez Precio de reemplazo Tipo de ítem Koha
        Biblioteca del Ateneo de Madrid Biblioteca del Ateneo de Madrid Sala Valle Inclán 17/01/2008     D-4429 901080456 23/02/2023 23/02/2023 Libro impreso